000 00551nam a2200169Ia 4500
003 GCL
008 140319s9999 xx 000 0 eng d
040 _aGCL /
_cGCL
082 0 4 _a892.7
_bV
100 1 _aGUIDI, MICHELANGELO
245 1 0 _aLA LOTTA TRA L'ISLAM E IL MANICHEISMO : UN LIBRO DI IBN AL - MUQAFFA CONTRO IL CORANO CONFUTATO DA AL - QASIM B. IBRAHIM /
_cGUIDI, MICHELANGELO
260 _a[S.N] :
_bACCADEMIA NAZIONALE DEI LINCEI ،
_c1927
300 _a127 \ 55
650 0 4 _aLITERATURE
650 0 4 _aARABIC LITERATURE
942 _2ddc
_cBK
999 _c12485
_d12485